Medagliere Golf ai Giochi Olimpici - Statistics

Statistiche generali
  • Questo quiz è stato fatto 10 volte
  • Il punteggio medio è 7 su 10
Statistiche sulle risposte
Medaglie complessive Medaglie d'Oro Medaglie d'Argento Medaglie di Bronzo Rappresentativa olimpica % Corretto
3 1 1 1 Gran Bretagna
100%
13 5 3 5 Stati Uniti
100%
1 1 0 0 Canada
89%
1 0 0 1 Cina
89%
1 0 1 0 Giappone
89%
1 1 0 0 Corea del Sud
67%
2 0 1 1 Nuova Zelanda
67%
1 0 1 0 Svezia
44%
1 0 0 1 Taipei cinese
33%
1 0 1 0 Slovacchia
22%
Nessun quiz corrispondente trovato
Distribuzione punteggi
Percentuale di utenti per punteggio
Percentile per numero di risposta
I tuoi punteggi nel tempo
Non hai fatto questo quiz